000 01050nam a22002177a 4500
999 _c32803
_d32803
003 OSt
005 20211126111725.0
008 140214b2021 slv spa
040 _cBMC
082 _a362.173
100 1 _945860
_aGonzález Morales, Josselyn Abigail
245 1 0 _aAplicación del proceso de atención de enfermería según el modelo de Dorothea Orem
_b: Investigación, Informe final
_cJosselyn Abigail González Morales, Ivania Elizabeth Sandoval Linares
260 _aSanta Ana (El Salvador)
_bUniversidad Católica de El Salvador
_c2021
300 _a1 folleto [30] h.
_c28 cm
_e+ 1 disco compacto
500 _aPrecede al tít.: Universidad Católica de El Salvador, Facultad de Ciencias de la Salud. Escuela de enfermería
502 _aPara optar al grado académico de: Licenciatura en enfermería
650 2 0 _924102
_aEnfermería de atención primaria
700 1 _945861
_aSandoval Linares, Ivania Elizabeth
710 2 _919917
_aUniversidad Católica de El Salvador
_bEscuela de Ciencias de la Salud
942 _2ddc
_cTG